Microbiology of fruits and vegetables (Record no. 9593)
[ view plain ]
| 000 -LEADER | |
|---|---|
| fixed length control field | 00267nam a22001217a 4500 |
| 040 ## - CATALOGING SOURCE | |
| Transcribing agency | HS |
| 082 ## - DEWEY DECIMAL CLASSIFICATION NUMBER | |
| Classification number | 634 |
| 100 ## - MAIN ENTRY--AUTHOR NAME | |
| Personal name | GERALD M, SAPERS |
| 245 ## - TITLE STATEMENT | |
| Title | Microbiology of fruits and vegetables |
| 260 ## - PUBLICATION, DISTRIBUTION, ETC. (IMPRINT) | |
| Place of publication | France |
| Name of publisher | GERALD M, SAPERS |
| Year of publication | 2006 |
| 300 ## - PHYSICAL DESCRIPTION | |
| Number of Pages | 633p; |
| 942 ## - ADDED ENTRY ELEMENTS (KOHA) | |
| Koha item type | សៀវភៅភាសាអង់គ្លេស |
| 952 ## - LOCATION AND ITEM INFORMATION (KOHA) | |
| Withdrawn status [LOCAL, KOHA] | 0 |
| 952 ## - LOCATION AND ITEM INFORMATION (KOHA) | |
| Withdrawn status [LOCAL, KOHA] | 0 |
| 952 ## - LOCATION AND ITEM INFORMATION (KOHA) | |
| Withdrawn status [LOCAL, KOHA] | 0 |
| Permanent Location | Date acquired | Koha item type | Lost status | Shelving location | Barcode | Current Location | Full call number |
|---|---|---|---|---|---|---|---|
| Library Block C | 2016-09-05 | សៀវភៅភាសាអង់គ្លេស | C250 | RUA035017 | Library Block C | 634 GER 2006 C250 | |
| Library Block C | 2016-09-05 | សៀវភៅភាសាអង់គ្លេស | C250 | RUA037223 | Library Block C | 634 GER 2006 C250 | |
| Library Block C | 2016-10-12 | សៀវភៅភាសាអង់គ្លេស | C236 | RUA035077 | Library Block C | 634 GER 2006 C236 |